000 00358cam a22001337a 4500
008 180718b1961 xxu||||| |||| 00| 0 eng d
082 _aA6x52 D589
100 _aDilts, Marion May
245 _aThe pageant of Japanese history
_cby Marion May Dilts
250 _a3rd ed.
260 _aNew York
_bLongmans
_c1961
300 _a368p.
650 _aJapan - History
999 _c364058
_d364058